| 000 | 00804nam a22002417a 4500 | ||
|---|---|---|---|
| 003 | dpl | ||
| 005 | 20180608154606.0 | ||
| 008 | 180608b xxu||||| |||| 00| 0 eng d | ||
| 010 | _aB-126571 | ||
| 020 |
_a8120325222 _c295.00 |
||
| 035 | _aB-126571, B126592 | ||
| 037 | _bCen Lib / Ret | ||
| 040 |
_aDPL _bEN _c0 |
||
| 082 |
_a621.3815 _bNIT |
||
| 245 |
_aDigital electronics / _cby NIIT |
||
| 260 |
_aNew Delhi _bPrentice Hall of India _c2004 |
||
| 270 |
_aM-97, Cannaught Circut _bNew Delhi _e110001 |
||
| 300 |
_a(ix, 409p) _c27cm(Hb) |
||
| 650 |
_a Digital electronics. _920485 |
||
| 650 |
_aTECHNOLOGY & ENGINEERING -- Electronics -- Microelectronics. _9140243 |
||
| 650 |
_aTECHNOLOGY & ENGINEERING -- Electronics -- Digital. _9140244 |
||
| 942 |
_2ddc _cEN _h621.3815 _mINT |
||
| 999 |
_c136289 _d136289 |
||